00543nam a2200109Ia 4500008004100000050002200041100002800063245021600091260008600307300002800393521001200421140724s9999 xx 000 0 und d aRT 71b.M257 2008 aMalonzo, Ma Tea Anicia. 4aThe difference between the provision of care of female nurses and male nurses based on the perception of patients in selected tertiary hospitals in Las Piñas City and Muntinlupa City /cMa. Tea Anicia Malonzo. aLas Piñas, Philippines :bSouthville International School and Colleges,cc2008. a73 p. :bill. ;c28 cm. aNursing